|
|
|
|
| LEADER |
00000nab a2200000 a 4500 |
| 001 |
vtls000341910 |
| 003 |
SK-MaSNL |
| 005 |
20260304080504.0 |
| 008 |
250424c1988 xo 0 slo |
| 015 |
|
|
|a SNBRB19rr/mm-uuuuu
|
| 035 |
|
|
|a CL0342032
|
| 035 |
|
|
|a urn:nbn:sk:snk-ab1d4y
|
| 035 |
|
|
|a (urnnbn)urn:nbn:sk:snk:ar-0026xj
|
| 035 |
|
|
|a (uuid)3f6a1ec1-3ef3-4b27-b894-194f1235634b
|
| 040 |
|
|
|a SNKBUCL
|b slo
|c SNKBUCL
|e AACR2
|
| 041 |
0 |
|
|a slo
|
| 044 |
|
|
|a xo
|c SK
|
| 080 |
|
|
|a 791.43(460)
|2 1981
|
| 100 |
1 |
|
|a Kociánová, Jana
|4 aut
|9 937337
|
| 245 |
1 |
0 |
|a Pani domu
|c Jana Kociánová ; Silvia Tortosa, Jordi Cadena
|
| 300 |
|
|
|b Obr. 5.
|
| 500 |
|
|
|a (Scenár Silvia Tortosa a Jordi Cadena. Réžia Jordi Cadena.)
|
| 650 |
0 |
7 |
|a Pani domu (film španielsky)
|2 snkbucl
|9 1367872
|
| 655 |
|
7 |
|a články z novín a časopisov
|2 snkbucl
|9 267496
|
| 773 |
0 |
|
|t Film a divadlo
|g Roč. 32, č. 19 (1988), s. 32-33
|
| 850 |
|
|
|a Slovenská národná knižnica
|
| 852 |
|
|
|a Slovenská národná knižnica
|
| 954 |
|
|
|a odborná, vedecká literatúra pôvodná (slovenská)
|2 lita
|
| 958 |
|
|
|a article27
|
| 958 |
|
|
|a OND
|
| 958 |
|
|
|a RK
|
| 958 |
|
|
|a EUIPO
|
| 992 |
|
|
|a RBX
|
| 999 |
|
|
|c 2786921
|d 2788851
|